000 01264nam a2200265 a 4500
003 MX-MxUPN
005 20231109100056.0
008 991125s1897 mx a r 000 0 spa d
035 _aUPN01000034191
040 _aMX-MxUPN
_bspa
_cMX-MxUPN
041 0 _aspa
050 4 _aLB1573 M6.2
_bG6.4
100 1 _aGómez, Ricardo
_950573
245 1 3 _aEl lector hispano americano :
_blibro segundo de lectura
260 _aMéxico :
_bHerrero Hermanos,
_c1897
300 _a173 páginas :
_bilustraciones
500 _a"Basado en las lecciones de cosas; con ejercicios de lenguaje; aplicaciones de geometría intuitiva, instrucciones para la geografía local, datos y manera de verificar las descripciones de objetos, estampas, plantas y animales; lecturas morales sobre los defectos más comunes de la niñez y virtudes propias de esa edad; dibujos y recitaciones"--portada.
506 0 _aAcceso abierto.
530 _aTambién disponible en línea.
536 _aLibros de texto digitalizados bajo el patrocinio del Instituto Georg-Eckert.
650 4 _aLectura
_xEstudio y enseñanza (Elemental)
_92805
856 4 1 _uhttp://200.23.113.51/pdf/librosdetexto/122029GomezEllectorhispanoamericano2o1897.pdf
902 _bVíctor Ruiz/081123
904 _aAC
_b034192
999 _c34191
_d34191